Catálogo público

Bacteria-Plant Interactions : (Record no. 220371)

MARC details
000 -CABECERA
campo de control de longitud fija 02497nam a2200313 4500
003 - IDENTIFICADOR DEL NÚMERO DE CONTROL
campo de control OSt
005 - FECHA Y HORA DE LA ÚLTIMA TRANSACCIÓN
campo de control 20250224124904.0
008 - DATOS DE LONGITUD FIJA--INFORMACIÓN GENERAL
campo de control de longitud fija 250124t2015 a|||| |||| 00| 0 eng d
020 ## - NÚMERO INTERNACIONAL ESTÁNDAR DEL LIBRO
Número Internacional Estándar del Libro 978 - 1 - 908230 - 58 - 4
040 ## - FUENTE DE LA CATALOGACIÓN
Centro/agencia transcriptor PA
Normas de descripción rda
041 ## - CÓDIGO DE LENGUA
Código de lengua del texto/banda sonora o título independiente eng
Código de lengua del sumario o resumen eng
Código de lengua de la tabla de contenido eng
Código de lengua original eng
082 00 - NÚMERO DE LA CLASIFICACIÓN DECIMAL DEWEY
Número de clasificación PA 632.32
Número de documento/Ítem B33
245 ## - MENCIÓN DE TÍTULO
Título Bacteria-Plant Interactions :
Resto del título Advanced Research and Trends /
Mención de responsabilidad, etc. edited by Jesus Murillo, Boris A. Vinatzer, Robert W. Jackson, Dawn L. Arnold
264 ## - PRODUCCIÓN, PUBLICACIÓN, DISTRIBUCIÓN, FABRICACIÓN Y COPYRIGHT
Producción, publicación, distribución, fabricación y copyright Norfolk, United Kingdom :
Nombre del de productor, editor, distribuidor, fabricante Caister Academic Press,
Fecha de producción, publicación, distribución, fabricación o copyright 2015
300 ## - DESCRIPCIÓN FÍSICA
Extensión vii, 227 p. :
Otras características físicas ilustraciones
336 ## - TIPO DE CONTENIDO
Fuente rdacontent
Término de tipo de contenido texto
Código de tipo de contenido txt
337 ## - TIPO DE MEDIO
Fuente rdamedia
Nombre/término del tipo de medio sin medio
Código del tipo de medio n
338 ## - TIPO DE SOPORTE
Fuente rdacarrier
Nombre/término del tipo de soporte volumen
Código del tipo de soporte nc
505 ## - NOTA DE CONTENIDO CON FORMATO
Información miscelánea Preface -- <br/>1.Functional Diversification of Phytopathogenic Type III Secreted Effector Proteins --<br/>2.Systems Biology of Pseudomonas syringae Type III Secretion Effector Repertoires --<br/>3.Towards Understanding Fire Blight: Virulence Mechanisms and Their Regulation in Erwinia Amylovora --<br/>4.Plant Pathogenic Acidovorax Species --<br/>5.The Interactions Between Gram-positive Pathogens and Plant Hosts --<br/>6.The Molecular Interactions Between Human Pathogenic Bacteria and Plants --<br/>7.Recent Advances in Pseudomonas Biocontrol --<br/>8.The Potential Role of Bacteriophages in Shaping Plant-Bacterial Interactions<br/>Index --<br/>Colour Plate.
520 ## - SUMARIO, ETC.
Sumario, etc. In this book, a team of respected scientists review the most important current topics to provide a timely overview on bacterial-plant interactions. The topics covered include: type III secretion systems and their role in the bacterial-host interaction * the Pseudomonas and Erwinia model systems and their application to other studies * the emerging plant pathogen Acidovorax * the Gram-positive phytopathogens Clavibacter, Streptomyces, and Rhodococcus * the colonization of plants by human bacterial pathogens * Pseudomonas biocontrol approaches * phage therapy. The book will be essential reading for every plant pathogen researcher, from the PhD student to the experienced scientist, and is recommended reading for researchers working on foodborne pathogens and bacterial pathogenesis.
534 ## - NOTA SOBRE LA VERSIÓN ORIGINAL
Frase introductoria Título original:
650 #0 - PUNTO DE ACCESO ADICIONAL DE MATERIA--TÉRMINO DE MATERIA
Término de materia o nombre geográfico como elemento de entrada Relaciones Planta-Patógeno
9 (RLIN) 189892
650 #7 - PUNTO DE ACCESO ADICIONAL DE MATERIA--TÉRMINO DE MATERIA
Término de materia o nombre geográfico como elemento de entrada Bacterias fitopatógenas
9 (RLIN) 9326
700 ## - PUNTO DE ACCESO ADICIONAL--NOMBRE DE PERSONA
Nombre de persona Jesús Murillo
Término indicativo de función/relación Editor
9 (RLIN) 189893
700 ## - PUNTO DE ACCESO ADICIONAL--NOMBRE DE PERSONA
Nombre de persona Vinatzer, Boris A.
Término indicativo de función/relación Editor
9 (RLIN) 189894
700 ## - PUNTO DE ACCESO ADICIONAL--NOMBRE DE PERSONA
Nombre de persona Jackson, Robert W.
Término indicativo de función/relación Editor
9 (RLIN) 189895
700 ## - PUNTO DE ACCESO ADICIONAL--NOMBRE DE PERSONA
Nombre de persona Arnold, Dawn L.
Término indicativo de función/relación Editor
9 (RLIN) 189896
942 ## - ELEMENTOS DE PUNTO DE ACCESO ADICIONAL (KOHA)
Fuente del sistema de clasificación o colocación Dewey Decimal Classification
Tipo de ítem Koha Libro
Holdings
Estado de retiro Estado de pérdida Fuente del sistema de clasificación o colocación Estado dañado Restricciones de uso No para préstamo Código de colección Localización permanente Ubicación/localización actual Fecha de adquisición Fuente de adquisición Información codificada de la localización en otra ubicación Número de inventario Total de préstamos Signatura topográfica completa Código de barras Fecha visto por última vez Precio válido a partir de Tipo de ítem Koha
    Dewey Decimal Classification   Préstamo interno   General Parasitologia Agricola Parasitologia Agricola 24/01/2025 Compra Libro I.273903   PA 632.32 B33 4102004090 24/01/2025 24/01/2025 Libro